[Event "Berlin op 7th"]
[Site "Berlin"]
[Date "2002.06.22"]
[Round "2"]
[White "Wilke, Hans Peter"]
[Black "Friese, Kevin"]
[Result "1-0"]
[WhiteElo "1544"]
[BlackElo "1362"]
[PlyCount "23"]
[EventDate "2002.06.21"]
[EventType "swiss"]
[EventRounds "5"]
[EventCountry "GER"]
[SourceTitle "EXT 2006"]
[Source "ChessBase"]
[SourceDate "2005.11.24"]
[SourceVersion "1"]
[SourceVersionDate "2005.11.24"]
[SourceQuality "1"]

1. b4 e5 2. Bb2 Bxb4 3. Bxe5 Nf6 4. e3 0-0 5. Bc4 d5 6. Bb3 c5 7. c3 Ba5 8. Bxf6 Qxf6 9. Bxd5 Rd8 10. Qf3 Qxf3 11. Bxf3 c4 12. Na3 1-0